24 - 三重県の自治体(Text) - Statistics

General Stats
  • This quiz has been taken 84 times
    22 since last reset
  • The average score is 25 of 29
Answers on the Map
Answers color-coded by a green-red scale on the quiz's map according to % correct below.
 
Answer Stats
市町村 % Correct
桑名くわな
100%
100%
鳥羽とば
100%
名張なばり
100%
四日市よっかいち
100%
伊賀いが
94%
伊勢いせ
94%
亀山かめやま
94%
熊野くまの
94%
志摩しま
94%
鈴鹿すずか
94%
松阪まつさか
94%
尾鷲おわせ
89%
三重みえぐん 川越かわごえちょう
89%
南牟婁みなみむろぐん 紀宝きほうちょう
89%
度会わたらいぐん 南伊勢みなみいせちょう
89%
度会わたらいぐん 度会わたらいちょう
89%
いなべ
89%
三重みえぐん 朝日あさひちょう
83%
北牟婁きたむろぐん 紀北きほくちょう
83%
三重みえぐん 菰野こものちょう
83%
多気たきぐん 多気たきちょう
83%
多気たきぐん 大台おおだいちょう
78%
員弁いなべぐん 東員とういんちょう
78%
桑名くわなぐん 木曽岬きそさきちょう
72%
多気たきぐん 明和めいわちょう
72%
度会わたらいぐん 大紀たいきちょう
67%
南牟婁みなみむろぐん 御浜みはまちょう
67%
度会わたらいぐん 玉城たまきちょう
56%
No matching quizzes found
Score Distribution
Percent of People with Each Score
Percentile by Number Answered
Your Score History
You have not taken this quiz since the last reset